00569nam a22002057a 450000500170000001000130001702000230003003500130005303700160006604000120008208200160009410000190011024500540012926000340018327000570021730000200027450000410029465000160033565000120035120170124110156.0 aB-031308 c300.00a8174530436 aB-031308 bCen Lib/Ret aDPLbEN a181.45bGUP aGupta, Tripta  aVedanta-kaustubha :cby Tripta Gupta ba study / aDelhic2000bSanjay Prakashan bDelhia2/703, Pragati vihar, Near some bazare110053 a138p.c20cm(Hb) aIncludes bibliographical references  aPhilosophy  aVedanta